000 00677nam a2200265Ia 4500
003 OSt
005 20220912151054.0
006 a|||||r|||| 00| 0
007 ta
008 220909b |||||||| |||| 00| 0 eng d
024 _a50701
037 _cTextual
040 _aCSL
_beng
_cCSL
041 _aeng
082 _aI,13, M6
100 _aCurl E A
245 0 _aRhizosphere
260 _aBerlin
_bSpringer-verlag
_c1986
300 _ax, 288p.
_ccm. 57 fig
490 _aAdvanced series in agricultural sciences; 15
650 _aBotany
700 _a Truelove B
942 _hI,13, M6
_cTEXL
_2CC
999 _c60684
_d60684